Langenscheidt pocket German dictionary:German-English, English-German/. (Record no. 3667)

000 -LEADER
fixed length control field 00824cam a2200253 4500
001 - CONTROL NUMBER
control field 3682878
003 - CONTROL NUMBER IDENTIFIER
control field OSt
005 - DATE AND TIME OF LATEST TRANSACTION
control field 20161018161042.0
008 - FIXED-LENGTH DATA ELEMENTS--GENERAL INFORMATION
fixed length control field 710126s1970 nyu d 000 0 eng
010 ## - LIBRARY OF CONGRESS CONTROL NUMBER
LC control number 78020110
040 ## - CATALOGING SOURCE
Original cataloging agency DLC
Transcribing agency DLC
Modifying agency DLC
041 0# - LANGUAGE CODE
Language code of text/sound track or separate title engger
050 00 - LIBRARY OF CONGRESS CALL NUMBER
Classification number REF PF3640.L234 1970
245 00 - TITLE STATEMENT
Title Langenscheidt pocket German dictionary:German-English, English-German/.
Statement of responsibility, etc Edited by the Langenscheidt Editorial Staff.
260 ## - PUBLICATION, DISTRIBUTION, ETC. (IMPRINT)
Place of publication, distribution, etc [New York]
Name of publisher, distributor, etc McGraw-Hill
Date of publication, distribution, etc [1970]
300 ## - PHYSICAL DESCRIPTION
Extent 702 p.
Dimensions 16 cm.
350 ## - PRICE (NR) (BK AM CF MU VM SE) [OBSOLETE]
Price $2.95
490 0# - SERIES STATEMENT
Series statement [McGraw-Hill library of international dictionaries]
650 #0 - SUBJECT ADDED ENTRY--TOPICAL TERM
Topical term or geographic name as entry element German language
General subdivision Dictionaries
-- English.
650 #0 - SUBJECT ADDED ENTRY--TOPICAL TERM
Topical term or geographic name as entry element English language
General subdivision Dictionaries
-- German.
710 2# - ADDED ENTRY--CORPORATE NAME
Corporate name or jurisdiction name as entry element Langenscheidt (Firm)
906 ## - LOCAL DATA ELEMENT F, LDF (RLIN)
a 7
b cbc
c orignew
d 2
e ocip
f 19
g y-gencatlg
942 ## - ADDED ENTRY ELEMENTS (KOHA)
Source of classification or shelving scheme
Koha item type Reference material

No items available.


Riara University Library,
P.O. Box 49940-00100,
Nairobi, Kenya.